00379nam a22001337a 4500003000400000005001700004008004100021050002400062110004600086245004400132260003200176300002000208650001700228OSt20151027153926.0131026b xxu||||| |||| 00| 0 eng d aN 58 b.V834Gu 2007 aInternational Baccalaureate Organization  aVisual arts :bdiploma programme guide  aBuenos Aires:bIBO,cc2007. a33 p. :c30 cm. aVisual Arts.